00289nam a2200109Ia 4500008004100000020001800041082001400059100003400073245004300107260001000150500001900160260604s9999 xx 000 0 und d a9780603570339 a808.3 EDW aDean International Publishing 0aMy Naughty Little Sister and Bad Harry bSHREE aNaughty Little